Divorced, beheaded, died : (Record no. 16842)
[ view plain ]
| 000 -LEADER | |
|---|---|
| fixed length control field | 01254cam a2200337 i 4500 |
| 001 - CONTROL NUMBER | |
| control field | 16568809 |
| 003 - CONTROL NUMBER IDENTIFIER | |
| control field | OSt |
| 005 - DATE AND TIME OF LATEST TRANSACTION | |
| control field | 20240310103025.0 |
| 008 - FIXED-LENGTH DATA ELEMENTS--GENERAL INFORMATION | |
| fixed length control field | 101206s2009 enka f b 001 0deng d |
| 020 ## - INTERNATIONAL STANDARD BOOK NUMBER | |
| International Standard Book Number | 184317362X |
| 020 ## - INTERNATIONAL STANDARD BOOK NUMBER | |
| International Standard Book Number | 9781843173625 |
| 040 ## - CATALOGING SOURCE | |
| Original cataloging agency | UKM |
| Language of cataloging | eng |
| Description conventions | rda |
| Transcribing agency | UKM |
| Modifying agency | DLC |
| -- | EG-ScBUE |
| 082 04 - DEWEY DECIMAL CLASSIFICATION NUMBER | |
| Classification number | 941.0099 |
| Edition number | 22 |
| Item number | FLU |
| 100 1# - MAIN ENTRY--PERSONAL NAME | |
| Personal name | Flude, Kevin, |
| Relator term | author. |
| 9 (RLIN) | 30461 |
| 245 10 - TITLE STATEMENT | |
| Title | Divorced, beheaded, died : |
| Remainder of title | the history of Britain's kings and queens in bite-sized chunks / |
| Statement of responsibility, etc | Kevin Flude. |
| 264 #1 - PUBLICATION, DISTRIBUTION, ETC. (IMPRINT) | |
| Place of publication, distribution, etc | London : |
| Name of publisher, distributor, etc | Michael O'Mara Books, |
| Date of publication, distribution, etc | 2009. |
| 300 ## - PHYSICAL DESCRIPTION | |
| Extent | 168 pages : |
| Other physical details | illustrations ; |
| Dimensions | 20 cm |
| 336 ## - CONTENT TYPE | |
| Source | rdacontent |
| Content type term | text |
| Content type code | txt |
| 337 ## - MEDIA TYPE | |
| Media type term | unmediated |
| Source | rdamedia |
| Media type code | n |
| 338 ## - CARRIER TYPE | |
| Carrier type term | volume |
| Carrier type code | nc |
| Source | rdacarrier |
| 504 ## - BIBLIOGRAPHY, ETC. NOTE | |
| Bibliography, etc | Includes bibliographical references and index. |
| 650 #7 - SUBJECT ADDED ENTRY--TOPICAL TERM | |
| Topical term or geographic name as entry element | Queens |
| Geographic subdivision | Great Britain |
| General subdivision | History. |
| Source of heading or term | BUEsh |
| 9 (RLIN) | 30462 |
| 650 #7 - SUBJECT ADDED ENTRY--TOPICAL TERM | |
| Topical term or geographic name as entry element | Queens |
| Geographic subdivision | Great Britain |
| Form subdivision | Biography. |
| Source of heading or term | BUEsh |
| 9 (RLIN) | 30463 |
| 651 #7 - SUBJECT ADDED ENTRY--GEOGRAPHIC NAME | |
| Geographic name | Great Britain |
| General subdivision | Kings and rulers. |
| Source of heading or term | BUEsh |
| 9 (RLIN) | 30464 |
| 651 #7 - SUBJECT ADDED ENTRY--GEOGRAPHIC NAME | |
| Geographic name | Great Britain |
| General subdivision | Kings and rulers |
| Form subdivision | Biography. |
| Source of heading or term | BUEsh |
| 9 (RLIN) | 30465 |
| 651 #7 - SUBJECT ADDED ENTRY--GEOGRAPHIC NAME | |
| Geographic name | Great Britain |
| Form subdivision | Biography. |
| Source of heading or term | BUEsh |
| 9 (RLIN) | 30466 |
| 653 ## - INDEX TERM--UNCONTROLLED | |
| Arrived date list | July2012 |
| 655 ## - INDEX TERM--GENRE/FORM | |
| Form subdivision | Reading book |
| 942 ## - ADDED ENTRY ELEMENTS (KOHA) | |
| Source of classification or shelving scheme | Dewey Decimal Classification |
| Koha item type | Book - Borrowing |
| Withdrawn status | Lost status | Source of classification or shelving scheme | Damaged status | Not for loan | Collection code | Home library | Current library | Shelving location | Date acquired | Source of acquisition | Cost, normal purchase price | Serial Enumeration / chronology | Total Checkouts | Total Renewals | Full call number | Barcode | Date last seen | Date checked out | Price effective from | Koha item type |
|---|---|---|---|---|---|---|---|---|---|---|---|---|---|---|---|---|---|---|---|---|
| Dewey Decimal Classification | Baccah | Central Library | Central Library | Second Floor | 10/07/2012 | 112.00 | 15359 | 3 | 9 | 941.0099 FLU | 000026944 | 15/07/2025 | 17/10/2019 | 10/07/2012 | Book - Borrowing |